000
00245nam a2200097Ia 4500
001
807619
005
20250826171234.0
008
250824s9999 xx 000 0 und d
245
0
_a
İKİ YEŞİL SUSAMURU
_c
BUKET UZUNER
260
_b
EVEREST YAYINLARI
999
_c
807619
_d
807619